[Event "3th Memory Maksym Yusupov (rapid)"]
[Site "Lviv"]
[Date "2015.03.08"]
[Round "7.5"]
[White "Nester, Ihor"]
[Black "Soloviova, Liza"]
[Result "1-0"]
[WhiteElo "2257"]
[BlackElo "2290"]
[PlyCount "62"]
[EventDate "2015.03.06"]

1. Nf3 Nf6 2. c4 g6 3. d4 Bg7 4. g3 O-O 5. Bg2 d5 6. cxd5 Nxd5 7. O-O Nc6 8.
Nc3 Nb6 9. d5 Na5 10. Qc2 c6 11. dxc6 Nxc6 12. Rd1 Bd7 13. Bf4 Rc8 14. Rac1 h6
15. Qd2 g5 16. Be3 Bf5 17. Qe1 Qe8 18. b3 Bg6 19. h4 Nb4 20. Bxb6 Nc2 21. Qf1
axb6 22. Nd5 g4 23. Ne1 Bb2 24. Rb1 Bg7 25. e4 Nd4 26. Rbc1 Rxc1 27. Rxc1 e6
28. Nxb6 Qd8 29. Nc4 b5 30. Ne3 h5 31. Rd1 Qc7 {...} 1-0

[Event "3th Memory Maksym Yusupov (rapid)"]
[Site "Lviv"]
[Date "2015.03.08"]
[Round "8.1"]
[White "Voitovich, Vladislav"]
[Black "Soloviova, Liza"]
[Result "1/2-1/2"]
[WhiteElo "2299"]
[BlackElo "2290"]
[PlyCount "65"]
[EventDate "2015.03.06"]

1. d4 d5 2. Nf3 Nf6 3. Bg5 Bg4 4. e3 e6 5. Be2 Be7 6. O-O O-O 7. h3 Bxf3 8.
Bxf3 h6 9. Bh4 c5 10. c3 Nc6 11. Nd2 cxd4 12. cxd4 Rc8 13. Rc1 Qb6 14. Qb3 Qxb3
15. Nxb3 Nb4 16. Rxc8 Rxc8 17. Rc1 Rxc1+ 18. Nxc1 Kf8 19. a3 Nc6 20. Kf1 Ke8
21. Nd3 Nd7 22. Bg3 Nb6 23. Ke2 Nc4 24. Kd1 b6 25. Kc2 a5 26. Be2 a4 27. Ne5
N6a5 28. Nxc4 Nxc4 29. Kc3 b5 30. Bxc4 bxc4 31. Bc7 Kd7 32. Ba5 Kc6 33. Bb4 $11
1/2-1/2

[Event "3th Memory Maksym Yusupov (rapid)"]
[Site "Lviv"]
[Date "2015.03.08"]
[Round "8.2"]
[White "Bordovsky, Vladimir"]
[Black "Nester, Ihor"]
[Result "0-1"]
[WhiteElo "2298"]
[BlackElo "2257"]
[PlyCount "77"]
[EventDate "2015.03.06"]

1. b4 e6 2. Bb2 Nf6 3. b5 b6 4. Nf3 Bb7 5. e3 Be7 6. Be2 O-O 7. O-O c5 8. a4 a5
9. d3 d5 10. Ne5 Nfd7 11. Nf3 Bf6 12. d4 Qc7 13. c4 dxc4 14. Na3 c3 15. Bxc3
cxd4 16. Bxd4 Bxd4 17. exd4 Nf6 18. Rc1 Qe7 19. Nc4 Nbd7 20. Nfe5 Rac8 21. Bf3
Bxf3 22. Qxf3 Nxe5 23. dxe5 Nd5 24. Nd6 Rxc1 25. Rxc1 Qg5 26. Re1 Qd2 27. Qd1
Qc3 28. h3 h6 29. Re4 Rd8 30. Qh5 Rd7 31. Kh2 Qd2 32. Qh4 f5 33. Rc4 Qe2 34.
Rc8+ Kh7 35. Qg3 f4 36. Qf3 Qxe5 37. Qd3+ g6 38. Nc4 Qf6 39. Qe4 {...} 0-1

[Event "3th Memory Maksym Yusupov (rapid)"]
[Site "Lviv"]
[Date "2015.03.08"]
[Round "8.3"]
[White "Buksa, Nataliya"]
[Black "Skliarov, Viktor"]
[Result "0-1"]
[WhiteElo "2042"]
[BlackElo "2434"]
[PlyCount "128"]
[EventDate "2015.03.06"]

1. e4 c5 2. Nf3 Nf6 3. Nc3 Nc6 4. d4 cxd4 5. Nxd4 e5 6. Ndb5 d6 7. Bg5 a6 8.
Na3 b5 9. Nd5 Be7 10. Bxf6 Bxf6 11. c3 Bg5 12. Nc2 O-O 13. a4 bxa4 14. Rxa4 a5
15. b3 Ne7 16. Bc4 Bd7 17. Ra1 a4 18. O-O axb3 19. Bxb3 Nxd5 20. Bxd5 Rc8 21.
Qd3 Qc7 22. Ra3 Qc5 23. c4 Kh8 24. Ne3 g6 25. Rfa1 Bd8 26. Ra7 Bc7 27. Bb7 Rb8
28. Ra8 Kg7 29. Rxb8 Rxb8 30. Bd5 Bb6 31. h3 Qc7 32. Ra8 Rxa8 33. Bxa8 Bd4 34.
Bd5 Qa5 35. Nc2 $11 Bc5 36. g4 Ba4 37. Ne3 Qe1+ 38. Kg2 h6 39. h4 Bd7 40. g5
hxg5 41. hxg5 Bxe3 42. Qxe3 Qxe3 43. fxe3 f6 44. gxf6+ Kxf6 45. Kg3 g5 46. Bg8
Ba4 47. Bd5 Bd1 48. Kf2 Ke7 49. Ke1 Bg4 50. Bc6 Kd8 51. Bd5 Kc7 52. Kf2 Kb6 53.
Kg3 Bd1 54. Be6 Kc5 55. Bf7 Be2 56. Be6 Bxc4 57. Bg4 Kb4 58. Kf3 Kc3 59. Bf5
Kd2 60. Bd7 Be2+ 61. Kf2 g4 62. Bc6 g3+ 63. Kxg3 Kxe3 64. Bb7 Bf3 0-1

[Event "3th Memory Maksym Yusupov (rapid)"]
[Site "Lviv"]
[Date "2015.03.08"]
[Round "8.5"]
[White "Petrova, Irina"]
[Black "Kotliar, Alexey"]
[Result "0-1"]
[WhiteElo "2175"]
[BlackElo "2163"]
[PlyCount "96"]
[EventDate "2015.03.06"]

1. d4 Nf6 2. Bg5 e6 3. Nd2 d5 4. e3 Be7 5. Ngf3 b6 6. c3 Bb7 7. Ne5 Nfd7 8. Bf4
Nxe5 9. Bxe5 Bf6 10. Bg3 Nd7 11. Nf3 c5 12. Bd3 Qe7 13. O-O h5 14. Be5 Bxe5 15.
Nxe5 Nxe5 16. dxe5 O-O-O 17. Qe2 h4 18. a4 h3 19. g3 Qc7 20. Ba6 Qxe5 21. a5 c4
22. axb6 axb6 23. Qc2 Kc7 24. Bxb7 Kxb7 25. Qa4 Ra8 26. Qd7+ Qc7 27. Qxc7+ Kxc7
28. f4 Kb7 29. Kf2 f6 30. g4 Rxa1 31. Rxa1 e5 32. Kg3 exf4+ 33. exf4 b5 34. Re1
Kc6 35. Re7 b4 36. Rxg7 Re8 37. Rg6 bxc3 38. Rxf6+ Kc5 39. bxc3 Re3+ 40. Kh4
Rxc3 41. g5 Rc1 42. g6 Rg1 43. f5 c3 44. Rf7 Kd6 45. g7 c2 46. Rf6+ Ke5 47. Rg6
c1=Q 48. g8=Q Qf4+ 0-1

[Event "3th Memory Maksym Yusupov (rapid)"]
[Site "Lviv"]
[Date "2015.03.08"]
[Round "9.1"]
[White "Kotliar, Alexey"]
[Black "Voitovich, Vladislav"]
[Result "1-0"]
[WhiteElo "2163"]
[BlackElo "2299"]
[PlyCount "79"]
[EventDate "2015.03.06"]

1. e4 Nf6 2. e5 Nd5 3. d4 d6 4. Nf3 Bg4 5. Be2 c6 6. exd6 exd6 7. O-O Be7 8.
Nc3 Nxc3 9. bxc3 O-O 10. Rb1 b6 11. Bf4 c5 12. Qd3 Nc6 13. Rbd1 Qc8 14. d5 Na5
15. c4 Qf5 16. Qxf5 Bxf5 17. Bd3 Bg4 18. Rde1 Rfe8 19. Nd2 Rad8 20. f3 Bc8 21.
Re2 Bf8 22. Rfe1 Rxe2 23. Rxe2 h6 24. h4 f5 25. h5 Kf7 26. Nf1 Re8 27. Ne3 Rxe3
28. Bxe3 b5 29. cxb5 c4 30. Bxa7 cxd3 31. cxd3 Bd7 32. Bb6 Nb7 33. Rc2 Nc5 34.
Bxc5 dxc5 35. b6 Bd6 36. b7 Ke7 37. d4 cxd4 38. Rc8 d3 39. Kf2 Ba4 40. Ke3 1-0

[Event "3th Memory Maksym Yusupov (rapid)"]
[Site "Lviv"]
[Date "2015.03.08"]
[Round "9.2"]
[White "Lornye, Pylyp"]
[Black "Petrova, Irina"]
[Result "1-0"]
[WhiteElo "2081"]
[BlackElo "2175"]
[PlyCount "79"]
[EventDate "2015.03.06"]

1. Nf3 d6 2. g3 e5 3. d3 f5 4. Bg2 Nf6 5. O-O g6 6. e4 Nc6 7. exf5 Bxf5 8. Nh4
Bd7 9. f4 Bg7 10. f5 Qe7 11. Bg5 Nd4 12. Nc3 c6 13. fxg6 h6 14. Bd2 Bg4 15. Qc1
O-O-O 16. Be3 Qe6 17. Qd2 Bh3 18. Rae1 Bxg2 19. Qxg2 c5 20. Bxd4 cxd4 21. Nf5
Qd7 22. Nd5 Rhf8 23. Nde7+ Kb8 24. Nxg7 Qxe7 25. Nf5 Qe6 26. Nxd4 Qg4 27. Nb5
Qxg6 28. Qf2 b6 29. a4 Qg7 30. a5 Nd5 31. Qd2 Qd7 32. c4 Nc7 33. Rxf8 Rxf8 34.
Qxh6 Qf7 35. Nxd6 Qf6 36. Ne4 Qf5 37. axb6 Ne6 38. Nd2 Re8 39. bxa7+ Kxa7 40.
Rf1 1-0

[Event "3th Memory Maksym Yusupov (rapid)"]
[Site "Lviv"]
[Date "2015.03.08"]
[Round "9.4"]
[White "Nester, Ihor"]
[Black "Buksa, Nataliya"]
[Result "1-0"]
[WhiteElo "2257"]
[BlackElo "2042"]
[PlyCount "63"]
[EventDate "2015.03.06"]

1. Nf3 Nf6 2. c4 c6 3. d4 d5 4. Qc2 g6 5. e3 Bg7 6. Bd3 O-O 7. O-O Nbd7 8. Nc3
dxc4 9. Bxc4 b6 10. e4 Bb7 11. e5 Nd5 12. e6 fxe6 13. Ng5 Rf6 14. Nce4 Nf8 15.
Nxf6+ exf6 16. Nf3 Qd6 17. Bd2 Rd8 18. Rfe1 Kh8 19. Rac1 g5 20. Qe4 Qe7 21. Qg4
Qf7 22. Qg3 Ng6 23. h4 gxh4 24. Nxh4 Nge7 25. Qh3 Bc8 26. Qh2 Bb7 27. Bd3 Bf8
28. Nf3 Qg8 29. Rxe6 Ng6 30. Rce1 Rd7 31. Re8 c5 32. Bxg6 1-0

[Event "3th Memory Maksym Yusupov (rapid)"]
[Site "Lviv"]
[Date "2015.03.08"]
[Round "9.5"]
[White "Soloviova, Liza"]
[Black "Bordovsky, Vladimir"]
[Result "1/2-1/2"]
[WhiteElo "2290"]
[BlackElo "2298"]
[PlyCount "61"]
[EventDate "2015.03.06"]

1. d4 g6 2. c4 Bg7 3. Nc3 Nf6 4. e4 d6 5. Nf3 O-O 6. h3 e5 7. d5 Nh5 8. g3 f5
9. exf5 gxf5 10. Nh4 Nf6 11. Bg5 Na6 12. Bd3 h6 13. Be3 Nh7 14. Qh5 e4 15. Bc2
Nb4 16. O-O-O Nxc2 17. Kxc2 Bd7 18. Bd4 Qg5 19. Qe2 Bxd4 20. Rxd4 Qf6 21. Qe3
Ng5 22. Ne2 a5 23. Nf4 Kh7 24. Kb1 b6 25. Rc1 Rae8 26. Rd2 Rf7 27. Rdc2 Rfe7
28. Nhg6 Rg7 29. Nh4 Rge7 30. Nhg6 Rg7 31. Nh4 $11 1/2-1/2